| 000 | 02618nam0a2200361 4500 | ||
|---|---|---|---|
| 001 | RU\NLR\BIBL_A\011503465 | ||
| 005 | 20241105115733.0 | ||
| 010 |
_a9785885268493 _950 |
||
| 021 |
_aRU _b2017-72387 _95159 |
||
| 035 | _a(RuMoRGB)009402423 | ||
| 035 | _a(NLR Aleph) 011503465 | ||
| 090 |
_a12006825 _c12006825 |
||
| 100 | _a20171020d2017 km y0rusy50 ca | ||
| 101 | 0 | _arus | |
| 102 | _aRU | ||
| 105 | _aa j 000zy | ||
| 200 | 1 |
_aИллюстрирование в графическом дизайне _eучебное наглядное пособие _e[для студентов, обучающихся по направлению подготовки 54.03.01 - Дизайн (профиль - графический дизайн, квалификация: бакалавр] _fМинистерство образования и науки Российской Федерации, Федеральное государственное бюджетное образовательное учреждение высшего образования "Липецкий государственный педагогический университет имени П. П. Семенова-Тян-Шанского", Институт культуры и искусства, Кафедра изобразительного, декоративно-прикладного искусства и дизайна _g[Г. М. Корякина, С. А. Бондарчук] |
|
| 210 |
_aЛипецк _cЛГПУ _d2017 |
||
| 215 |
_a113, [2] с. _cил., цв. ил. _d29 |
||
| 320 | _aБиблиогр. в конце кн. (43 назв.) | ||
| 600 | 1 |
_aЭшер _bМ.К. _f1898 - 1972 _gМауриц Корнелис _jУчебные издания _9903725 _3RU\NLR\AUTH\66328954 |
|
| 606 |
_aКнижная иллюстрация _jУчебные издания _91478265 _3RU\NLR\AUTH\66319878 |
||
| 686 |
_aЩ157я73-7 _2rubbk |
||
| 686 |
_aЧ617.1,6(2)543.12я73-7 _2rubbk |
||
| 686 | 1 | _aЩ153(4Н)6-8Эшер я7 | |
| 686 | 1 | _aЩ153(0)-475я7 | |
| 702 | 1 |
_aКорякина _bГ. М. _gГалина Михайловна _4220 |
|
| 712 | 0 | 2 |
_4570 _aЛипецкий государственный педагогический университет им. П. П. Семенова-Тян-Шанского _bИнститут культуры и искусства _bКафедра изобразительного, декоративно-прикладного искусства и дизайна _9572213 _3RU\NLR\AUTH\880454395 |
| 942 | _cBOOK | ||
| 980 | _aNBR | ||